000 01936cam a2200409 a 4500
001 15561399
003 OSt
005 20180116183023.0
008 081218s2009 nyu 000 1 eng
010 _a 2008054446
020 _a0385524072
020 _a9780385524070
035 _a(OCoLC)ocn264044033
040 _aDLC
_cDLC
_dBTCTA
_dYDXCP
_dUPZ
_dCD5
_dEINCP
_dC#P
_dVP@
_dIXA
_dDLC
050 0 0 _aPS3568.E476284
_bR856 2009
082 0 0 _a813.54 REI 2009
_222
100 1 _aReich, Christopher,
_d1961-
245 1 0 _aRules of vengeance
_cChristopher Reich.
250 _a1st ed.
260 _aNew York :
_bDoubleday,
_cc2009.
300 _a419 p. ;
_c25 cm.
520 _aAn ambush on a convoy of limousines turns a romantic rendezvous into a terrorist bloodbath and Doctors Without Borders physician Jonathan Ransom, apprehended by the police and threatened with life imprisonment unless he helps secure his wife Emma's capture, escapes and becomes a spy himself in order to track down Emma and discover the true nature of the conspiracy she appears to be masterminding.
610 2 0 _aMédecins sans frontières (Association)
_vFiction.
650 0 _aPhysicians
_vFiction.
650 0 _aConspiracies
_vFiction.
650 0 _aSpouses
_vFiction.
650 0 _aRansom, Jonathan (Fictitious character)
_vFiction.
650 0 _aRansom, Emma (Fictitious character)
_vFiction.
655 7 _aSuspense fiction.
_2gsafd
655 7 _aSpy stories.
_2gsafd
856 4 2 _3Contributor biographical information
_uhttp://www.loc.gov/catdir/enhancements/fy1001/2008054446-b.html
856 4 2 _3Publisher description
_uhttp://www.loc.gov/catdir/enhancements/fy1001/2008054446-d.html
856 4 1 _3Sample text
_uhttp://www.loc.gov/catdir/enhancements/fy1001/2008054446-s.html
906 _a7
_bcbc
_corignew
_d1
_eecip
_f20
_gy-gencatlg
942 _2ddc
_cBK
999 _c350683
_d350683